000 00504nam a2200193Ia 4500
003 GCL
008 140319s9999 xx 000 0 eng d
040 _aGCL /
_cGCL
082 0 4 _a759 MA
100 1 _aMUCHE,JIRI
245 1 0 _aALPHONCSE MARIA MUCHA:HIS LIKE AND ART /
_cMUCHE,JIRI
260 _a[S.N] :
_bACADEMY EDITIONS ،
_c1989
300 _a298
650 0 4 _aMUCHA, ALPHONSE MARIA
650 0 4 _aARTISTS
650 0 4 _aDECORATIVE ARTIST
650 0 4 _aCZECHOSLOVARIA ARTISTS
942 _2ddc
_cBK
999 _c11632
_d11632